000 00406nam a2200145Ia 4500
008 230917s9999||||xx |||||||||||||| ||und||
040 _e123536
_aMAIN
041 _aEnglish
082 _a338.4791 B865S
100 _aBuglear, John
245 0 _aStats to go: A guide to Statistics for hospitality, leisure and tourism
260 _aOxford
_bButterworth-Heinemann
_c2002
300 _a280 p.
942 _cBK
999 _c145680
_d145680